| 000 | 00456cam a22001337a 4500 | ||
|---|---|---|---|
| 008 | 180718b2000 xxu||||| |||| 00| 0 eng d | ||
| 082 | _aY4x81 L538 | ||
| 245 |
_aBrazil: forsts in the balance: challenges of conservation with development _cby Uma Lele...[et.al.] |
||
| 260 |
_aWashington, D.C. _bWorld Bank _c2000 |
||
| 300 | _a195p. | ||
| 440 | _aWorld Bank operations evaluation department | ||
| 650 | _aForests and forestry - Brazil | ||
| 700 | _aLele, Uma | ||
| 999 |
_c282728 _d282728 |
||